Leichtathletik-Medaillenspiegel bei den Olympischen Sommerspielen 2024 - Statistiken

Allgemein
  • Dieses Quiz wurde 87 mal gespielt
  • Das Durchschnittsergebnis liegt bei 22 aus 43
Antwortstatistiken
Gold Silber Bronze Land % Korrekt
14 11 9 Vereinigte Staaten
99%
1 2 1 Deutschland
92%
0 1 0 Frankreich
88%
1 1 2 China
85%
3 1 1 Kanada
85%
1 0 0 Schweden
85%
2 1 0 Norwegen
84%
2 1 1 Spanien
84%
1 0 0 Japan
81%
0 1 2 Italien
79%
1 4 5 Großbritannien
76%
2 1 3 Niederlande
76%
0 0 1 Polen
76%
1 1 1 Belgien
72%
0 1 1 Brasilien
72%
1 3 2 Jamaika
71%
0 1 0 Portugal
69%
1 2 4 Australien
68%
4 2 5 Kenia
68%
1 0 2 Ukraine
59%
1 3 0 Äthiopien
55%
0 1 0 Indien
52%
0 2 0 Südafrika
51%
0 0 1 Tschechien
49%
1 1 0 Neuseeland
47%
1 0 0 Marokko
45%
1 0 1 Griechenland
40%
0 0 1 Kroatien
37%
0 1 0 Ungarn
36%
1 0 0 Pakistan
32%
0 0 1 Algerien
29%
1 1 0 St. Lucia
29%
0 0 1 Katar
28%
1 1 0 Uganda
27%
1 1 0 Botswana
23%
0 1 0 Litauen
20%
0 0 2 Grenada
19%
1 0 0 Dominica
15%
1 1 0 Ecuador
12%
1 1 0 Bahrain
9%
1 0 0 Dominikanische
9%
0 0 1 Puerto Rico
8%
0 0 1 Sambia
5%
Keine übereinstimmenden Quizze gefunden
Verteilung der Resultate
Anzahl Personen mit jedem Resultat
Perzentil nach korrekt beantworteten Fragen
Ihre Resultats-Entwicklung
Sie haben dieses Quiz noch nicht gespielt